Voda pre tretie tisícročie. 1

Zásady vodohospodárskej politiky na Slovensku. Analýza súčasného stavu vodného hospodárstva a koncepcia rozvoja vodných ciest.

Gespeichert in:
Bibliographische Detailangaben
Format: Buchkapitel
Sprache:Slowakisch
Schlagworte:
Tags: Tag hinzufügen
Keine Tags, Fügen Sie das erste Tag hinzu!

MARC

LEADER 00000naa a2200000 4500
001 r020181
005 20221213101211.0
041 0 |a slo 
044 |a SK 
245 1 0 |a Voda pre tretie tisícročie. 1 
520 |a Zásady vodohospodárskej politiky na Slovensku. Analýza súčasného stavu vodného hospodárstva a koncepcia rozvoja vodných ciest. 
610 2 0 |a vodohospodárstvo 
610 2 0 |a Slovensko 
610 2 0 |a rozvoj hospodársky 
610 2 0 |a voda 
610 2 0 |a koncepcie 
610 2 0 |a cesty vodné